00553 2200205 4500001002100000005001700021008004100038020001800079035002500097082001100122090002000133100002100153245005600174250001800230260003300248300002400281650001800305850001200323990001200335YOGYA-0209000002947720150413131254.0 ind  a979-527-004-4 a0010-020900000029477 a297.31 aT 297.31bNoo M aNOOR-MATDAWAM, M aMasalah shalat Jum at bagi wanitacM. Noor-Matdawam aEd. 1, cet. 2 aYogyakartabBina Usahac1991 av, 27 hlm. ;c21 cm aShalat Jum'at aYOPDYOG a17183-B